000 00452nam a2200145Ia 4500
008 100122s9999 xx 000 0 und d
082 _b3782
_a823
100 _aनिरंतर ग भा
245 _aअंधारातील दिवे
260 _bगो.गो.अधिकारी
_c1937
300 _a138
630 _aअंधारातील दिवे
730 _aअंधारातील दिवे
942 _cBOOK
999 _c397667
_d397664